000 01070njm a22002897a 4500
005 20100918120820.0
007 sd ammalaaahaa
008 100918t xxu||||| |||| 00| 0 hin d
028 _a3292 130
_bPolydor
035 _aGR-03424
040 _aSED/VEN
100 _920657
_aMohd. Rafi
245 _aDharamveer /
_cby Mohd. Rafi ; music by Laxmikant Pyarelal ; Anand Bakshi
_h[sound recording] :
246 _aधरमवीर (मोहद रफ़ी )
260 _aDum Dum India
_bODEON
_cn. d.
300 _a1 sound disc [Gramophone record] :
_banalog, 331/3 rpm
_c12 in. (LP)
_fGramophone Record
500 _aBrief Record
500 _aODEON
500 _aOrange
505 _aDialogues + 0 Meri Mehbooba part 1 (Dharamveer) (Mohd. Rafi) Dialogues + Saat Ajube part 2 (Dharamveer) (Mohd. Rafi)
650 _vDialogues
_xExcerpts
_zIndia
_920658
700 _aLaxmikant Pyarelal
_920659
700 _920660
_aBakshi, Anand
700 _920674
942 _2ddc
_cGR
999 _c46836
_d46836